| 000 | 00000nam##2200000za#4500 |
| 001 | 9.608369 |
| 003 | CaOODSP |
| 005 | 20221123121026 |
| 007 | cr ||||||||||| |
| 008 | 150406|2014||||xxc|||||o f|0| 0 fre|d |
| 040 | |aCaOODSP|bfre |
| 043 | |an-cn--- |
| 086 | 1 |aYM32-2/2011-5-1F-PDF |
| 245 | 00|aOrganismes fédéraux de développement économique régional / |h[ressource électronique]|c[par] Jean Dupuis. |
| 260 | |aOttawa - Ontario : |bBibliothèque du Parlement. |cLe 17 mars 2011, révisée le 25 septembre 2014. |
| 300 | |a17p. |
| 490 | 1 |aÉtude générale|v2011-5-F |
| 590 | |a15-12|b2015-03-20 |
| 691 | 07|aDéveloppement régional|2gcpds |
| 710 | 1 |aCanada. |bService d'information et de recherche parlementaires. |
| 775 | 08|tFederal regional economic development organizations / |w(CaOODSP)9.581597 |
| 830 | #0|aÉtude générale ;|v2011-5-F|w(CaOODSP)9.501181 |
| 856 | 40|ahttp://publications.gc.ca|qPDF|s420 Ko|uhttps://publications.gc.ca/collections/collection_2015/bdp-lop/bp/2011-05-1-fra.pdf|y2011-5-F |